| 000 | 00506nam a2200145 a 4500 | ||
|---|---|---|---|
| 001 | 000037146 | ||
| 005 | 20200930080153.0 | ||
| 008 | 120217s1996 dr r 000 0 spa d | ||
| 040 |
_aDO-SdBNP _bspa _cBNPHU |
||
| 082 |
_axxxx _bxxxx |
||
| 245 | 0 | 0 | _aEncuentro con jesucristo vivo, camino para la conversión, la comunión y la solidaridad en América. |
| 260 |
_aSanto Domingo : _bAsamblea Especial para América : _bMCA, _c1996. |
||
| 300 |
_a60 p. ; _c23 cm. |
||
| 500 | _aIncluye notas al pie de las páginas | ||
| 999 |
_c36636 _d36636 |
||